| 000 | 00509 a2200157 4500 | ||
|---|---|---|---|
| 999 |
_c5671 _d5671 |
||
| 010 | _aENG-86997 | ||
| 020 |
_a8188629456 _c195.00 |
||
| 035 | _aEN-70530 | ||
| 037 | _bDBAD / PUB | ||
| 082 | 1 | 4 | _a351 |
| 245 | 1 |
_aFacts of good governance / _cedited by S.K.Chaturvedi |
|
| 260 |
_aNew Delhi _bOriginals _c2005 |
||
| 270 |
_a4834/ 24, Ansari Road, Daryaganj, _bNew Delhi _e110 002 _mdkpd@del13.vsnl.net.in _k51562573, 51562575 |
||
| 300 |
_ax, 174 p _c22 cm (Hb) |
||
| 942 |
_adpl _cEN _2ddc _h351 _mFAC |
||